[Event "Deutsche Ländermeisterschaft 2025"]
[Site "Oer-Erkenschwick GER"]
[Date "2025.10.05"]
[Round "7"]
[White "Farokhi, Keyvan"]
[Black "Matthäi, Jakob"]
[Result "1-0"]
[Termination "normal"]
[Board "6.1"]
[WhiteTitle "FM"]
[WhiteElo "2384"]
[BlackElo "2163"]
[WhiteClock "00:17:26"]
[BlackClock "00:21:10"]
[WhiteTeam "Schleswig-Holstein"]
[BlackTeam "Sachsen"]
[PlyCount "99"]
[WhiteFideId "12998630"]
[BlackFideId "16240421"]
[EventCountry "GER"]
[EventRounds "7"]
[EventType "team-swiss"]
[EventDate "2025.09.30"]

1. c4 {[%clk 01:30:52]} {[%emt 00:00:07]} Nf6 {[%clk 01:30:56]} {[%emt
00:00:05]} 2. Nf3 {[%clk 01:31:15]} {[%emt 00:00:06]} e6 {[%clk 01:31:23]}
{[%emt 00:00:04]} 3. g3 {[%clk 01:31:36]} {[%emt 00:00:09]} d5 {[%clk
01:31:49]} {[%emt 00:00:04]} 4. Bg2 {[%clk 01:32:00]} {[%emt 00:00:06]} Be7
{[%clk 01:32:14]} {[%emt 00:00:05]} 5. O-O {[%clk 01:32:23]} {[%emt 00:00:06]}
O-O {[%clk 01:32:40]} {[%emt 00:00:04]} 6. b3 {[%clk 01:32:34]} {[%emt
00:00:19]} d4 {[%clk 01:32:16]} {[%emt 00:00:55]} 7. e3 {[%clk 01:32:57]}
{[%emt 00:00:06]} c5 {[%clk 01:32:37]} {[%emt 00:00:10]} 8. Ne5 {[%clk
01:33:15]} {[%emt 00:00:13]} Bd6 {[%clk 01:29:50]} {[%emt 00:03:16]} 9. f4
{[%clk 01:23:22]} {[%emt 00:10:22]} dxe3 {[%clk 01:28:01]} {[%emt 00:02:20]}
10. dxe3 {[%clk 01:23:38]} {[%emt 00:00:12]} Bxe5 {[%clk 01:27:45]} {[%emt
00:00:47]} 11. fxe5 {[%clk 01:22:20]} {[%emt 00:01:47]} Qxd1 {[%clk 01:27:11]}
{[%emt 00:01:04]} 12. Rxd1 {[%clk 01:22:41]} {[%emt 00:00:09]} Ng4 {[%clk
01:25:28]} {[%emt 00:02:14]} 13. Nc3 {[%clk 01:19:17]} {[%emt 00:03:54]} Nxe5
{[%clk 01:13:14]} {[%emt 00:12:45]} 14. Ba3 {[%clk 01:19:15]} {[%emt 00:00:31]}
Nbd7 {[%clk 01:06:00]} {[%emt 00:07:44]} 15. Ne4 {[%clk 01:18:21]} {[%emt
00:01:24]} a5 {[%clk 01:03:37]} {[%emt 00:02:53]} 16. Nxc5 {[%clk 01:15:02]}
{[%emt 00:03:49]} Nxc5 {[%clk 01:03:29]} {[%emt 00:00:38]} 17. Bxc5 {[%clk
01:15:25]} {[%emt 00:00:07]} Re8 {[%clk 01:03:53]} {[%emt 00:00:06]} 18. Rd4
{[%clk 01:06:05]} {[%emt 00:09:48]} f6 {[%clk 01:03:08]} {[%emt 00:01:17]} 19.
Rad1 {[%clk 01:04:03]} {[%emt 00:02:31]} Kf7 {[%clk 01:00:59]} {[%emt
00:02:40]} 20. Bb6 {[%clk 00:53:47]} {[%emt 00:10:46]} Ra6 {[%clk 00:58:19]}
{[%emt 00:03:09]} 21. c5 {[%clk 00:53:12]} {[%emt 00:01:04]} Ke7 {[%clk
00:56:05]} {[%emt 00:02:45]} 22. Kf2 {[%clk 00:47:25]} {[%emt 00:06:17]} Ra8
{[%clk 00:50:50]} {[%emt 00:05:46]} 23. h3 {[%clk 00:42:58]} {[%emt 00:04:56]}
h6 {[%clk 00:48:44]} {[%emt 00:02:36]} 24. Bc7 {[%clk 00:33:37]} {[%emt
00:09:51]} Nc6 {[%emt 00:06:37]} 25. Rd6 {[%clk 00:31:37]} {[%emt 00:02:14]} e5
{[%clk 00:41:29]} {[%emt 00:01:54]} 26. g4 {[%clk 00:27:40]} {[%emt 00:04:26]}
a4 {[%clk 00:40:29]} {[%emt 00:01:30]} 27. Bxc6 {[%clk 00:21:08]} {[%emt
00:07:01]} bxc6 {[%clk 00:40:55]} {[%emt 00:00:05]} 28. b4 {[%clk 00:21:24]}
{[%emt 00:00:13]} Be6 {[%clk 00:40:10]} {[%emt 00:01:15]} 29. a3 {[%clk
00:19:14]} {[%emt 00:02:41]} h5 {[%clk 00:37:12]} {[%emt 00:03:29]} 30. Rxc6
{[%clk 00:18:22]} {[%emt 00:01:20]} hxg4 {[%clk 00:37:02]} {[%emt 00:00:42]}
31. Bd6+ {[%clk 00:18:36]} {[%emt 00:00:16]} Kf7 {[%clk 00:37:21]} {[%emt
00:00:10]} 32. hxg4 {[%clk 00:19:00]} Rf8 {[%clk 00:37:21]} 33. Rc7+ {[%clk
00:19:10]} {[%emt 00:00:46]} Kg6 {[%clk 00:37:39]} 34. Re1 {[%clk 00:15:59]}
{[%emt 00:04:04]} Bd5 35. e4 {[%clk 00:15:59]} Bxe4 {[%clk 00:37:17]} 36. Rg1
{[%clk 00:15:59]} Rh8 {[%clk 00:37:17]} 37. g5 {[%clk 00:15:59]} Kf5 {[%clk
00:33:36]} {[%emt 00:08:56]} 38. Rxg7 {[%clk 00:11:09]} {[%emt 00:02:56]} Rh2+
{[%clk 00:32:50]} {[%emt 00:01:16]} 39. Kg3 {[%clk 00:10:58]} {[%emt 00:00:40]}
Rah8 {[%clk 00:32:06]} {[%emt 00:01:15]} 40. Rf1+ {[%clk 00:11:07]} {[%emt
00:00:22]} Ke6 {[%emt 00:00:23]} 41. Rxf6+ {[%clk 00:11:14]} {[%emt 00:00:15]}
Kd5 {[%clk 00:32:43]} {[%emt 00:00:07]} 42. Rh6 {[%clk 00:11:22]} {[%emt
00:00:21]} Rg2+ {[%clk 00:30:39]} {[%emt 00:02:35]} 43. Kh3 {[%clk 00:11:21]}
{[%emt 00:00:31]} Re8 {[%clk 00:30:43]} {[%emt 00:00:27]} 44. b5 {[%clk
00:24:28]} {[%emt 00:17:23]} Rb2 {[%clk 00:59:36]} {[%emt 00:01:36]} 45. b6
{[%clk 00:24:25]} {[%emt 00:00:33]} Rb3+ {[%clk 00:58:56]} {[%emt 00:01:10]}
46. Kh4 {[%clk 00:23:33]} {[%emt 00:01:22]} Bf5 {[%clk 00:56:21]} {[%emt
00:03:07]} 47. g6 {[%clk 00:23:50]} {[%emt 00:00:11]} e4 {[%clk 00:25:50]}
{[%emt 00:31:02]} 48. Re7 {[%clk 00:17:01]} {[%emt 00:07:19]} Rxe7 {[%clk
00:21:53]} {[%emt 00:04:27]} 49. Bxe7 {[%clk 00:17:21]} {[%emt 00:00:10]} e3
{[%clk 00:21:10]} {[%emt 00:01:14]} 50. g7 {[%clk 00:17:26]} {[%emt 00:00:23]}
1-0

[Event "Deutsche Ländermeisterschaft 2025"]
[Site "Oer-Erkenschwick GER"]
[Date "2025.10.05"]
[Round "7"]
[White "Steger, Lukas Daniel"]
[Black "Guo, Philipp Ziming"]
[Result "1/2-1/2"]
[Termination "normal"]
[Board "6.2"]
[WhiteElo "2081"]
[BlackElo "2204"]
[WhiteClock "00:00:42"]
[BlackClock "00:19:35"]
[WhiteTeam "Sachsen"]
[BlackTeam "Schleswig-Holstein"]
[PlyCount "65"]
[WhiteFideId "3335151"]
[BlackFideId "16245199"]
[EventCountry "GER"]
[EventRounds "7"]
[EventType "team-swiss"]
[EventDate "2025.09.30"]

1. e4 {[%clk 01:30:57]} {[%emt 00:00:02]} c5 {[%clk 01:30:52]} {[%emt
00:00:09]} 2. Nf3 {[%clk 01:31:21]} {[%emt 00:00:06]} d6 {[%clk 01:31:15]}
{[%emt 00:00:07]} 3. d4 {[%clk 01:31:43]} {[%emt 00:00:08]} cxd4 {[%clk
01:31:31]} {[%emt 00:00:14]} 4. Nxd4 {[%clk 01:32:06]} {[%emt 00:00:07]} Nf6
{[%clk 01:31:55]} {[%emt 00:00:05]} 5. Nc3 {[%clk 01:32:26]} {[%emt 00:00:10]}
a6 {[%clk 01:32:19]} {[%emt 00:00:06]} 6. Rg1 {[%clk 01:32:25]} {[%emt
00:00:32]} e5 {[%clk 01:32:32]} {[%emt 00:00:16]} 7. Nb3 {[%clk 01:32:45]}
{[%emt 00:00:11]} h5 {[%clk 01:32:00]} {[%emt 00:01:01]} 8. h3 {[%clk
01:33:04]} {[%emt 00:00:12]} Be6 {[%clk 01:32:16]} {[%emt 00:00:14]} 9. Be3
{[%clk 01:33:24]} {[%emt 00:00:11]} Be7 {[%clk 01:15:34]} {[%emt 00:17:11]} 10.
Qf3 {[%clk 01:33:41]} {[%emt 00:00:14]} b5 {[%clk 01:08:14]} {[%emt 00:07:50]}
11. O-O-O {[%clk 01:25:49]} {[%emt 00:08:21]} Nbd7 {[%clk 01:07:11]} {[%emt
00:01:32]} 12. Kb1 {[%clk 01:09:54]} {[%emt 00:16:27]} Qc7 {[%clk 00:57:19]}
{[%emt 00:10:22]} 13. g4 {[%clk 01:02:45]} {[%emt 00:07:39]} hxg4 {[%clk
00:57:32]} {[%emt 00:00:17]} 14. hxg4 {[%clk 01:03:01]} {[%emt 00:00:14]} Nb6
{[%clk 00:49:18]} {[%emt 00:08:43]} 15. g5 {[%clk 00:54:27]} {[%emt 00:09:04]}
Nfd7 {[%clk 00:49:26]} {[%emt 00:00:21]} 16. g6 {[%clk 00:51:18]} {[%emt
00:03:41]} f6 {[%clk 00:48:58]} {[%emt 00:00:57]} 17. Bd3 {[%clk 00:29:34]}
{[%emt 00:22:15]} Nc4 {[%clk 00:41:56]} {[%emt 00:07:31]} 18. Rh1 {[%clk
00:26:01]} {[%emt 00:04:03]} Rxh1 {[%clk 00:38:06]} {[%emt 00:04:21]} 19. Rxh1
{[%clk 00:26:23]} {[%emt 00:00:07]} O-O-O {[%clk 00:37:17]} {[%emt 00:01:17]}
20. Nd5 {[%clk 00:21:04]} {[%emt 00:05:51]} Bxd5 {[%clk 00:37:38]} {[%emt
00:00:10]} 21. exd5 {[%clk 00:21:26]} {[%emt 00:00:08]} Nxe3 {[%clk 00:30:40]}
{[%emt 00:07:27]} 22. fxe3 {[%clk 00:18:34]} {[%emt 00:03:22]} Kb8 {[%clk
00:29:37]} {[%emt 00:01:34]} 23. Rh7 {[%clk 00:12:51]} {[%emt 00:06:13]} Bf8
{[%clk 00:29:20]} {[%emt 00:00:46]} 24. Bf5 {[%clk 00:08:13]} {[%emt 00:05:08]}
Nc5 {[%clk 00:28:27]} {[%emt 00:01:22]} 25. Nxc5 {[%clk 00:08:02]} {[%emt
00:00:42]} Qxc5 {[%clk 00:28:38]} {[%emt 00:00:19]} 26. a3 {[%clk 00:05:39]}
{[%emt 00:02:54]} Ka8 {[%clk 00:27:39]} {[%emt 00:01:28]} 27. e4 {[%clk
00:03:47]} {[%emt 00:02:23]} Rb8 {[%clk 00:27:17]} {[%emt 00:00:51]} 28. Rh3
{[%clk 00:02:59]} {[%emt 00:01:18]} Ka7 {[%clk 00:24:51]} {[%emt 00:02:55]} 29.
Qe2 {[%clk 00:01:14]} {[%emt 00:02:17]} b4 {[%clk 00:24:12]} {[%emt 00:01:08]}
30. a4 {[%clk 00:00:49]} {[%emt 00:00:57]} Rb7 {[%clk 00:20:55]} {[%emt
00:03:47]} 31. Qe3 {[%clk 00:00:44]} {[%emt 00:00:34]} Qxe3 {[%clk 00:20:38]}
{[%emt 00:00:47]} 32. Rxe3 {[%clk 00:01:10]} {[%emt 00:00:05]} Be7 {[%clk
00:19:35]} {[%emt 00:01:32]} 33. Ka2 {[%clk 00:00:42]} {[%emt 00:00:58]}
1/2-1/2

[Event "Deutsche Ländermeisterschaft 2025"]
[Site "Oer-Erkenschwick GER"]
[Date "2025.10.05"]
[Round "7"]
[White "Sommer, Justus"]
[Black "Herrmann, Arthur"]
[Result "1-0"]
[Termination "normal"]
[Board "6.3"]
[WhiteElo "2111"]
[BlackElo "2149"]
[WhiteClock "00:06:23"]
[BlackClock "00:06:17"]
[WhiteTeam "Schleswig-Holstein"]
[BlackTeam "Sachsen"]
[PlyCount "96"]
[WhiteFideId "16245008"]
[BlackFideId "16287150"]
[EventCountry "GER"]
[EventRounds "7"]
[EventType "team-swiss"]
[EventDate "2025.09.30"]

1. e4 {[%clk 01:30:56]} {[%emt 00:00:03]} c5 {[%clk 01:30:56]} {[%emt
00:00:05]} 2. Nf3 {[%clk 01:31:19]} {[%emt 00:00:06]} Nc6 {[%clk 01:31:22]}
{[%emt 00:00:05]} 3. d4 {[%clk 01:31:35]} {[%emt 00:00:14]} cxd4 {[%clk
01:31:43]} {[%emt 00:00:10]} 4. Nxd4 {[%clk 01:31:58]} {[%emt 00:00:05]} Nf6
{[%clk 01:32:02]} {[%emt 00:00:12]} 5. Nc3 {[%clk 01:32:01]} {[%emt 00:00:26]}
e6 {[%clk 01:31:06]} {[%emt 00:01:27]} 6. Ndb5 {[%clk 01:31:48]} {[%emt
00:00:42]} d6 {[%clk 01:28:52]} {[%emt 00:02:45]} 7. Bf4 {[%clk 01:31:21]}
{[%emt 00:00:56]} e5 {[%clk 01:29:17]} {[%emt 00:00:06]} 8. Bg5 {[%clk
01:31:46]} {[%emt 00:00:04]} a6 {[%clk 01:29:21]} {[%emt 00:00:26]} 9. Na3
{[%clk 01:32:05]} {[%emt 00:00:11]} b5 {[%clk 01:29:39]} {[%emt 00:00:13]} 10.
Bxf6 {[%clk 01:32:19]} {[%emt 00:00:14]} gxf6 {[%clk 01:29:55]} {[%emt
00:00:16]} 11. Nd5 {[%clk 01:32:41]} {[%emt 00:00:06]} Bg7 {[%clk 01:28:35]}
{[%emt 00:01:51]} 12. c3 {[%clk 01:31:15]} {[%emt 00:01:55]} O-O {[%clk
01:17:38]} {[%emt 00:11:29]} 13. Qh5 {[%clk 01:13:05]} {[%emt 00:18:39]} Ne7
{[%clk 01:03:18]} {[%emt 00:14:50]} 14. Nxe7+ {[%clk 01:10:14]} {[%emt
00:03:22]} Qxe7 {[%clk 01:03:43]} {[%emt 00:00:05]} 15. Nc2 {[%clk 01:09:43]}
{[%emt 00:00:59]} Be6 {[%clk 00:38:24]} {[%emt 00:25:50]} 16. Ne3 {[%clk
01:07:39]} {[%emt 00:02:31]} b4 {[%clk 00:35:54]} {[%emt 00:03:03]} 17. c4
{[%clk 01:06:08]} {[%emt 00:02:00]} Rfd8 {[%clk 00:32:35]} {[%emt 00:03:49]}
18. Be2 {[%clk 00:56:26]} {[%emt 00:10:11]} Qf8 {[%clk 00:29:09]} {[%emt
00:03:58]} 19. Bg4 {[%clk 00:51:13]} {[%emt 00:05:42]} h6 {[%clk 00:16:02]}
{[%emt 00:13:38]} 20. Bf5 {[%clk 00:49:16]} {[%emt 00:02:26]} Rac8 {[%clk
00:15:07]} {[%emt 00:01:26]} 21. g4 {[%clk 00:43:45]} {[%emt 00:06:00]} Bh8
{[%clk 00:13:25]} {[%emt 00:02:13]} 22. h4 {[%clk 00:40:52]} {[%emt 00:03:20]}
Qg7 {[%clk 00:13:22]} {[%emt 00:00:36]} 23. b3 {[%clk 00:36:54]} {[%emt
00:04:27]} Kf8 {[%clk 00:12:16]} {[%emt 00:01:37]} 24. Ke2 {[%clk 00:25:57]}
{[%emt 00:11:26]} Ke7 {[%clk 00:12:21]} {[%emt 00:00:26]} 25. Rag1 {[%clk
00:21:37]} {[%emt 00:04:48]} Rg8 {[%clk 00:12:29]} {[%emt 00:00:24]} 26. g5
{[%clk 00:20:35]} {[%emt 00:01:31]} fxg5 {[%clk 00:12:20]} {[%emt 00:00:40]}
27. hxg5 {[%clk 00:20:55]} {[%emt 00:00:10]} hxg5 {[%clk 00:12:25]} {[%emt
00:00:25]} 28. Qg4 {[%clk 00:17:56]} {[%emt 00:03:27]} Rc5 {[%clk 00:07:44]}
{[%emt 00:05:13]} 29. Rh5 {[%clk 00:17:07]} {[%emt 00:01:18]} Ra5 {[%clk
00:07:23]} {[%emt 00:00:52]} 30. Rgh1 {[%clk 00:15:33]} {[%emt 00:02:04]} Rxa2+
{[%clk 00:07:31]} {[%emt 00:00:22]} 31. Kf3 {[%clk 00:15:41]} {[%emt 00:00:22]}
Qf8 {[%clk 00:06:49]} {[%emt 00:01:13]} 32. Rh7 {[%clk 00:14:28]} {[%emt
00:01:42]} Bg7 {[%clk 00:06:05]} {[%emt 00:01:14]} 33. Kg2 {[%clk 00:09:57]}
{[%emt 00:05:00]} a5 {[%clk 00:04:54]} {[%emt 00:01:42]} 34. R1h6 {[%clk
00:04:50]} {[%emt 00:05:36]} Bxh6 {[%clk 00:03:18]} {[%emt 00:02:08]} 35. Bxe6
{[%clk 00:05:14]} {[%emt 00:00:05]} Bg7 {[%clk 00:02:59]} {[%emt 00:00:49]} 36.
Nd5+ {[%clk 00:04:20]} {[%emt 00:01:25]} Kd8 {[%clk 00:02:51]} {[%emt
00:00:37]} 37. Bc8 {[%clk 00:02:36]} {[%emt 00:02:13]} f5 {[%clk 00:02:58]}
{[%emt 00:00:24]} 38. exf5 {[%clk 00:02:31]} {[%emt 00:00:35]} Kxc8 {[%clk
00:03:07]} {[%emt 00:00:21]} 39. f6+ {[%clk 00:02:53]} {[%emt 00:00:08]} Kd8
{[%clk 00:00:48]} {[%emt 00:02:50]} 40. Qe6 {[%clk 00:00:36]} {[%emt 00:02:46]}
a4 {[%clk 00:00:47]} {[%emt 00:00:31]} 41. Ne7 {[%clk 00:11:22]} {[%emt
00:19:43]} Qxf6 {[%clk 00:07:16]} {[%emt 00:24:01]} 42. Nc6+ {[%clk 00:10:41]}
{[%emt 00:01:12]} Kc7 {[%clk 00:07:39]} {[%emt 00:00:07]} 43. Qxf6 {[%clk
00:11:03]} {[%emt 00:00:08]} Kxc6 {[%clk 00:08:01]} {[%emt 00:00:08]} 44. Qf7
{[%clk 00:06:05]} {[%emt 00:05:27]} Rxf2+ {[%clk 00:05:23]} {[%emt 00:03:08]}
45. Qxf2 {[%clk 00:06:27]} {[%emt 00:00:08]} axb3 {[%clk 00:05:49]} {[%emt
00:00:05]} 46. Qf3+ {[%clk 00:06:00]} {[%emt 00:00:56]} Kb6 {[%clk 00:05:51]}
{[%emt 00:00:29]} 47. Qxb3 {[%clk 00:06:05]} {[%emt 00:00:24]} Kc5 {[%clk
00:06:17]} {[%emt 00:00:05]} 48. Qd3 {[%clk 00:06:23]} {[%emt 00:00:11]} Kd5
{[%emt 00:00:17]} 1-0

[Event "Deutsche Ländermeisterschaft 2025"]
[Site "Oer-Erkenschwick GER"]
[Date "2025.10.05"]
[Round "7"]
[White "Nguyen, Thanh An"]
[Black "Sasse, Conan"]
[Result "1-0"]
[Termination "normal"]
[Board "6.4"]
[WhiteElo "2005"]
[BlackElo "1906"]
[WhiteClock "00:38:57"]
[BlackClock "00:18:34"]
[WhiteTeam "Sachsen"]
[BlackTeam "Schleswig-Holstein"]
[PlyCount "139"]
[WhiteFideId "34627804"]
[BlackFideId "34684336"]
[EventCountry "GER"]
[EventRounds "7"]
[EventType "team-swiss"]
[EventDate "2025.09.30"]

1. d4 {[%clk 01:30:58]} {[%emt 00:00:02]} d5 {[%clk 01:30:44]} {[%emt
00:00:16]} 2. c4 {[%clk 01:31:19]} {[%emt 00:00:08]} dxc4 {[%clk 01:31:05]}
{[%emt 00:00:10]} 3. e4 {[%clk 01:31:44]} {[%emt 00:00:05]} b5 {[%clk
01:31:23]} {[%emt 00:00:12]} 4. a4 {[%clk 01:30:59]} {[%emt 00:01:15]} c6
{[%clk 01:31:47]} {[%emt 00:00:06]} 5. axb5 {[%clk 01:30:08]} {[%emt 00:01:22]}
cxb5 {[%clk 01:32:08]} {[%emt 00:00:08]} 6. b3 {[%clk 01:27:05]} {[%emt
00:03:33]} e5 {[%clk 01:31:58]} {[%emt 00:00:41]} 7. d5 {[%clk 01:26:21]}
{[%emt 00:01:13]} Nf6 {[%clk 01:29:39]} {[%emt 00:02:49]} 8. Qc2 {[%clk
00:57:36]} {[%emt 00:29:15]} a5 {[%clk 01:12:38]} {[%emt 00:17:31]} 9. bxc4
{[%clk 00:56:43]} {[%emt 00:01:23]} bxc4 {[%clk 01:12:44]} {[%emt 00:00:24]}
10. Bxc4 {[%clk 00:56:27]} {[%emt 00:00:46]} Ba6 {[%clk 01:12:43]} {[%emt
00:00:31]} 11. Nf3 {[%clk 00:56:36]} {[%emt 00:00:20]} Nbd7 {[%clk 01:03:32]}
{[%emt 00:09:41]} 12. Bxa6 {[%clk 00:54:41]} {[%emt 00:02:25]} Rxa6 {[%clk
01:03:52]} {[%emt 00:00:10]} 13. O-O {[%clk 00:54:39]} {[%emt 00:00:31]} Bd6
{[%clk 00:57:12]} {[%emt 00:07:11]} 14. Nbd2 {[%clk 00:52:51]} {[%emt
00:02:17]} O-O {[%clk 00:51:27]} {[%emt 00:06:16]} 15. Nc4 {[%clk 00:52:35]}
{[%emt 00:00:46]} Qc7 {[%clk 00:49:36]} {[%emt 00:02:21]} 16. Qe2 {[%clk
00:50:38]} {[%emt 00:02:27]} Rc8 {[%clk 00:46:52]} {[%emt 00:03:14]} 17. Nxd6
{[%clk 00:43:51]} {[%emt 00:07:17]} Qxd6 {[%clk 00:46:53]} {[%emt 00:00:30]}
18. Ba3 {[%clk 00:44:15]} {[%emt 00:00:05]} Qb6 {[%clk 00:47:18]} {[%emt
00:00:05]} 19. Rab1 {[%clk 00:41:00]} {[%emt 00:03:45]} Qa7 {[%clk 00:47:10]}
{[%emt 00:00:39]} 20. Rfc1 {[%clk 00:36:55]} {[%emt 00:04:34]} Rxc1+ {[%clk
00:43:45]} {[%emt 00:03:55]} 21. Rxc1 {[%clk 00:37:21]} {[%emt 00:00:04]} h6
{[%clk 00:40:47]} {[%emt 00:03:28]} 22. Qd3 {[%clk 00:25:53]} {[%emt 00:11:57]}
Qb7 {[%clk 00:39:28]} {[%emt 00:01:50]} 23. g3 {[%clk 00:21:49]} {[%emt
00:04:33]} Rb6 {[%clk 00:37:46]} {[%emt 00:02:13]} 24. Nd2 {[%clk 00:22:06]}
{[%emt 00:00:13]} g6 {[%clk 00:30:20]} {[%emt 00:07:56]} 25. Qc2 {[%clk
00:21:53]} {[%emt 00:00:42]} Qa6 {[%clk 00:27:21]} {[%emt 00:03:30]} 26. Nc4
{[%clk 00:18:54]} {[%emt 00:03:29]} Rb8 {[%clk 00:27:33]} {[%emt 00:00:18]} 27.
Nd6 {[%clk 00:19:04]} {[%emt 00:00:19]} a4 {[%clk 00:22:41]} {[%emt 00:05:23]}
28. Qc6 {[%clk 00:11:44]} {[%emt 00:07:50]} Rb6 {[%clk 00:21:03]} {[%emt
00:02:09]} 29. Qc7 {[%clk 00:11:08]} {[%emt 00:01:05]} Qd3 {[%clk 00:15:46]}
{[%emt 00:05:47]} 30. Qd8+ {[%clk 00:08:00]} {[%emt 00:03:38]} Kg7 {[%clk
00:15:42]} {[%emt 00:00:34]} 31. Qe7 {[%clk 00:07:33]} {[%emt 00:00:57]} h5
{[%clk 00:11:37]} {[%emt 00:04:35]} 32. Nxf7 {[%clk 00:06:36]} Ng8 {[%clk
00:10:15]} {[%emt 00:03:20]} 33. Nxe5+ {[%clk 00:06:06]} Nxe7 {[%clk 00:10:15]}
34. Nxd3 {[%clk 00:06:06]} Kf7 {[%clk 00:07:58]} {[%emt 00:04:20]} 35. Rc7
{[%clk 00:05:15]} Ke8 {[%clk 00:08:05]} {[%emt 00:02:09]} 36. Bxe7 {[%clk
00:05:12]} Kxe7 {[%clk 00:08:32]} {[%emt 00:00:37]} 37. Ra7 {[%clk 00:05:19]}
Kd6 {[%clk 00:08:08]} {[%emt 00:01:16]} 38. Rxa4 {[%clk 00:04:38]} g5 {[%clk
00:08:14]} {[%emt 00:01:36]} 39. f3 {[%clk 00:04:06]} Rb3 {[%clk 00:08:29]}
{[%emt 00:01:17]} 40. Ra6+ {[%clk 00:04:19]} Kc7 {[%clk 00:08:24]} {[%emt
00:00:53]} 41. Ra7+ {[%clk 00:04:44]} Kc8 {[%clk 00:08:31]} {[%emt 00:00:27]}
42. Rxd7 {[%clk 00:05:06]} Rb1+ {[%clk 00:08:31]} 43. Kg2 {[%clk 00:05:06]}
Kxd7 {[%clk 00:08:31]} 44. h4 {[%clk 00:05:24]} {[%emt 00:00:55]} gxh4 {[%clk
00:07:04]} {[%emt 00:02:51]} 45. gxh4 {[%clk 00:05:49]} {[%emt 00:00:05]} Kd6
{[%clk 00:06:05]} {[%emt 00:01:30]} 46. Nf4 {[%clk 00:03:44]} {[%emt 00:02:34]}
Rb8 {[%clk 00:06:08]} {[%emt 00:00:28]} 47. Nxh5 {[%clk 00:03:31]} {[%emt
00:00:42]} Rh8 {[%clk 00:05:34]} {[%emt 00:01:04]} 48. Ng3 {[%clk 00:03:49]}
{[%emt 00:00:13]} Ke5 {[%clk 00:05:51]} {[%emt 00:00:13]} 49. h5 {[%clk
00:03:27]} {[%emt 00:00:52]} Kf4 {[%clk 00:05:42]} {[%emt 00:00:39]} 50. Kf2
{[%clk 00:03:53]} {[%emt 00:00:04]} Rb8 {[%clk 00:04:30]} {[%emt 00:01:42]} 51.
Ne2+ {[%clk 00:03:46]} {[%emt 00:00:36]} Ke5 {[%clk 00:03:24]} {[%emt
00:01:37]} 52. h6 {[%clk 00:04:02]} {[%emt 00:00:14]} Rh8 {[%clk 00:02:43]}
{[%emt 00:01:10]} 53. Ke3 {[%clk 00:04:29]} {[%emt 00:00:04]} Rxh6 {[%clk
00:02:50]} {[%emt 00:00:23]} 54. f4+ {[%clk 00:04:54]} {[%emt 00:00:05]} Kd6
{[%clk 00:01:09]} {[%emt 00:02:11]} 55. Kd4 {[%clk 00:05:12]} {[%emt 00:00:12]}
Rh1 {[%clk 00:28:26]} {[%emt 00:03:13]} 56. e5+ {[%clk 00:35:34]} {[%emt
00:00:08]} Kd7 {[%clk 00:28:22]} {[%emt 00:00:35]} 57. Nc3 {[%clk 00:35:57]}
{[%emt 00:00:06]} Rh4 {[%clk 00:27:17]} {[%emt 00:01:34]} 58. e6+ {[%clk
00:36:06]} {[%emt 00:00:22]} Ke8 {[%clk 00:24:02]} {[%emt 00:03:45]} 59. Ke5
{[%clk 00:36:29]} {[%emt 00:00:07]} Rh3 {[%clk 00:20:54]} {[%emt 00:03:37]} 60.
Ne4 {[%clk 00:36:46]} {[%emt 00:00:15]} Re3 {[%clk 00:19:59]} {[%emt 00:01:25]}
61. f5 {[%clk 00:37:09]} {[%emt 00:00:07]} Ra3 {[%clk 00:18:22]} {[%emt
00:02:08]} 62. f6 {[%clk 00:37:25]} {[%emt 00:00:13]} Re3 {[%clk 00:18:13]}
{[%emt 00:00:37]} 63. Kf4 {[%clk 00:36:15]} {[%emt 00:01:37]} Re1 {[%clk
00:17:17]} {[%emt 00:01:31]} 64. Nd6+ {[%clk 00:36:26]} {[%emt 00:00:19]} Kd8
{[%clk 00:17:24]} {[%emt 00:00:23]} 65. e7+ {[%clk 00:36:49]} {[%emt 00:00:07]}
Rxe7 {[%clk 00:17:42]} {[%emt 00:00:12]} 66. fxe7+ {[%clk 00:37:15]} {[%emt
00:00:03]} Kxe7 {[%clk 00:18:05]} {[%emt 00:00:08]} 67. Ke5 {[%clk 00:37:42]}
{[%emt 00:00:02]} Kd7 {[%clk 00:18:15]} {[%emt 00:00:20]} 68. Ne4 {[%clk
00:38:07]} {[%emt 00:00:05]} Kd8 {[%clk 00:18:19]} {[%emt 00:00:27]} 69. Kd6
{[%clk 00:38:31]} {[%emt 00:00:05]} Ke8 {[%clk 00:18:34]} {[%emt 00:00:16]} 70.
Kc7 {[%clk 00:38:57]} {[%emt 00:00:04]} 1-0